| Tag |
First Indicator |
Second Indicator |
Subfields |
| LEADER |
00000cam a2200000Ia 4500 |
| 001 |
in00002782785 |
| 005 |
20150922144639.0 |
| 008 |
120723s2012 mou 000 1 eng d |
| 020 |
|
|
|a 9780984469352 (pbk.) :
|c $16.00
|
| 020 |
|
|
|a 0984469354 (pbk.) :
|c $16.00
|
| 035 |
|
|
|a (OCoLC)ocn801442266
|
| 035 |
|
|
|a (OCoLC)801442266
|
| 040 |
|
|
|a YDXCP
|c YDXCP
|d OCP
|d BDX
|d JPL
|d NUI
|d BWX
|d CDX
|d UtOrBLW
|
| 049 |
|
|
|a TXAM
|
| 050 |
|
4 |
|a PS3619.C26
|b P76 2012
|
| 092 |
|
|
|a Fiction
|
| 100 |
1 |
|
|a Scanlon, Suzanne.
|
| 245 |
1 |
0 |
|a Promising young women /
|c Suzanne Scanlon.
|
| 250 |
|
|
|a 1st ed.
|
| 264 |
|
1 |
|a St. Louis, MO :
|b Dorothy, a Publishing Project ;
|c [2012]
|
| 264 |
|
2 |
|a [Berkeley, Calif.] :
|b Distributed by Small Press Distribution,
|
| 264 |
|
4 |
|c ©2012
|
| 300 |
|
|
|a 156 pages ;
|c 18 cm.
|
| 336 |
|
|
|a text
|b txt
|2 rdacontent
|
| 337 |
|
|
|a unmediated
|b n
|2 rdamedia
|
| 338 |
|
|
|a volume
|b nc
|2 rdacarrier
|
| 520 |
|
|
|a A series of fragmentary tales telling the story of Lizzie, a young woman who, in her early twenties, embarks on a journey of many years through psychiatric institutions.
|
| 650 |
|
0 |
|a Psychiatric hospital patients
|v Fiction.
|
| 650 |
|
0 |
|a Mentally ill
|v Fiction.
|
| 650 |
|
0 |
|a Women
|v Fiction.
|
| 938 |
|
|
|a YBP Library Services
|b YANK
|n 9338911
|
| 938 |
|
|
|a Brodart
|b BROD
|n 103262199
|
| 938 |
|
|
|a Blackwell Book Service
|b BBUS
|n 9338911
|
| 938 |
|
|
|a Coutts Information Services
|b COUT
|n 23065460
|
| 947 |
|
|
|a A14836006489
|
| 945 |
|
|
|a PromptCat
|b 99167
|
| 946 |
|
|
|a stk
|
| 994 |
|
|
|a 92
|b TXA
|
| 948 |
|
|
|a Cataloged
|b h
|c 2012/11/21
|d c
|e EGrant
|
| 999 |
|
|
|a MARS
|
| 999 |
f |
f |
|s 9c657da7-e5d8-3d90-af19-f2628c7a9f3e
|i fe01964e-5c9a-3334-9dc1-43d933b85e33
|t 0
|
| 952 |
f |
f |
|p normal
|a Texas A&M University
|b College Station
|c Sterling C. Evans Library
|d Evans: Library Stacks
|t 0
|e PS3619.C26 P76 2012
|h Library of Congress classification
|i unmediated -- volume
|m A14836006489
|
| 998 |
f |
f |
|a PS3619.C26 P76 2012
|t 0
|l Evans: Library Stacks
|